<?xml version="1.0" encoding="UTF-8"?>
<record
    xmlns:xsi="http://www.w3.org/2001/XMLSchema-instance"
    xsi:schemaLocation="http://www.loc.gov/MARC21/slim http://www.loc.gov/standards/marcxml/schema/MARC21slim.xsd"
    xmlns="http://www.loc.gov/MARC21/slim">

  <leader>01699nam a2200289   4500</leader>
  <controlfield tag="003">SEM</controlfield>
  <datafield tag="999" ind1=" " ind2=" ">
    <subfield code="c">67387</subfield>
    <subfield code="d">67387</subfield>
  </datafield>
  <controlfield tag="005">20220608073912.0</controlfield>
  <controlfield tag="008">171011b        xxu||||| |||| 00| 0 rus d</controlfield>
  <datafield tag="020" ind1=" " ind2=" ">
    <subfield code="a">9785890763273</subfield>
  </datafield>
  <datafield tag="040" ind1=" " ind2=" ">
    <subfield code="a">SEM</subfield>
    <subfield code="c">SEM</subfield>
  </datafield>
  <datafield tag="041" ind1="0" ind2=" ">
    <subfield code="a">rus.</subfield>
  </datafield>
  <datafield tag="080" ind1=" " ind2=" ">
    <subfield code="a">947.925(084.1)/&#x410;-83</subfield>
  </datafield>
  <datafield tag="245" ind1="0" ind2="4">
    <subfield code="a">&#x410;&#x440;&#x43C;&#x435;&#x43D;&#x438;&#x44F;. &#x41B;&#x435;&#x433;&#x435;&#x43D;&#x434;&#x44B; &#x431;&#x44B;&#x442;&#x438;&#x44F;. </subfield>
    <subfield code="b">&#x421;&#x442;&#x440;&#x430;&#x43D;&#x430;, &#x438;&#x437;&#x43B;&#x443;&#x447;&#x430;&#x44E;&#x449;&#x430;&#x44F; &#x432;&#x441;&#x435; &#x43A;&#x440;&#x443;&#x433;&#x438; &#x438;&#x441;&#x442;&#x43E;&#x440;&#x438;&#x438;. [&#x41A;&#x430;&#x442;&#x430;&#x43B;&#x43E;&#x433;]. / </subfield>
    <subfield code="c">&#x424;&#x43E;&#x442;&#x43E;.: &#x412;. &#x41B;. &#x410;&#x43A;&#x43E;&#x43F;&#x44F;&#x43D;; &#x41E;&#x442;&#x432;. &#x440;&#x435;&#x434;.: &#x415;. &#x412;. &#x414;&#x430;&#x43D;&#x438;&#x43B;&#x438;&#x447;&#x435;&#x432;&#x430;; &#x420;&#x435;&#x434;.: &#x418;. &#x42E;. &#x412;&#x43E;&#x43B;&#x447;&#x435;&#x43D;&#x43A;&#x43E;&#x432;&#x430;, &#x41C;. &#x410;. &#x41D;&#x430;&#x443;&#x43C;&#x43E;&#x432;&#x430;; &#x41C;&#x438;&#x43D;&#x438;&#x441;&#x442;&#x435;&#x440;&#x441;&#x442;&#x432;&#x43E; &#x43A;&#x443;&#x43B;&#x44C;&#x442;&#x443;&#x440;&#x44B; &#x420;&#x43E;&#x441;&#x441;&#x438;&#x439;&#x441;&#x43A;&#x43E;&#x439; &#x424;&#x435;&#x434;&#x435;&#x440;&#x430;&#x446;&#x438;&#x438;; &#x41C;&#x438;&#x43D;&#x438;&#x441;&#x442;&#x435;&#x440;&#x441;&#x442;&#x432;&#x43E; &#x43A;&#x443;&#x43B;&#x44C;&#x442;&#x443;&#x440;&#x44B; &#x420;&#x435;&#x441;&#x43F;&#x443;&#x431;&#x43B;&#x438;&#x43A;&#x438; &#x410;&#x440;&#x43C;&#x435;&#x43D;&#x438;&#x44F;; &#x413;&#x43E;&#x441;&#x443;&#x434;&#x430;&#x440;&#x441;&#x442;&#x432;&#x435;&#x43D;&#x43D;&#x44B;&#x439; &#x438;&#x441;&#x442;&#x43E;&#x440;&#x438;&#x447;&#x435;&#x441;&#x43A;&#x438;&#x439; &#x43C;&#x443;&#x437;&#x435;&#x439;; &#x41C;&#x443;&#x437;&#x435;&#x439; &#x438;&#x441;&#x442;&#x43E;&#x440;&#x438;&#x438; &#x410;&#x440;&#x43C;&#x435;&#x43D;&#x438;&#x438;</subfield>
  </datafield>
  <datafield tag="260" ind1=" " ind2=" ">
    <subfield code="a">&#x41C;&#x43E;&#x441;&#x43A;&#x432;&#x430;: </subfield>
    <subfield code="b">&#x413;&#x43E;&#x441;&#x443;&#x434;&#x430;&#x440;&#x441;&#x442;&#x432;&#x435;&#x43D;&#x43D;&#x44B;&#x439; &#x438;&#x441;&#x442;&#x43E;&#x440;&#x438;&#x447;&#x435;&#x441;&#x43A;&#x438;&#x439; &#x43C;&#x443;&#x437;&#x435;&#x439;, </subfield>
    <subfield code="c">2016.</subfield>
  </datafield>
  <datafield tag="300" ind1=" " ind2=" ">
    <subfield code="a">283 &#x441;.;</subfield>
    <subfield code="b">&#x438;&#x43B;&#x43B;.;</subfield>
    <subfield code="c">29 &#x441;&#x43C;.</subfield>
  </datafield>
  <datafield tag="504" ind1=" " ind2=" ">
    <subfield code="a">&#x41F;&#x440;&#x438;&#x43D;. &#x441;&#x43E;&#x43A;&#x440;., &#x43B;&#x438;&#x442;. - &#x441;.: 282-283.</subfield>
  </datafield>
  <datafield tag="650" ind1=" " ind2=" ">
    <subfield code="a">&#x418;&#x441;&#x442;&#x43E;&#x440;&#x438;&#x44F; &#x410;&#x440;&#x43C;&#x435;&#x43D;&#x438;&#x438;</subfield>
    <subfield code="x">&#x430;&#x43B;&#x44C;&#x431;&#x43E;&#x43C;</subfield>
  </datafield>
  <datafield tag="700" ind1="1" ind2=" ">
    <subfield code="a">&#x410;&#x43A;&#x43E;&#x43F;&#x44F;&#x43D; &#x412;. &#x41B;.</subfield>
    <subfield code="4">&#x444;&#x43E;&#x442;&#x43E;.</subfield>
    <subfield code="e">photo</subfield>
  </datafield>
  <datafield tag="700" ind1="1" ind2=" ">
    <subfield code="a">&#x414;&#x430;&#x43D;&#x438;&#x43B;&#x438;&#x447;&#x435;&#x432;&#x430; &#x415;. &#x412;.</subfield>
    <subfield code="4">&#x43E;&#x442;&#x432;. &#x440;&#x435;&#x434;.</subfield>
    <subfield code="e">edt.</subfield>
  </datafield>
  <datafield tag="700" ind1="1" ind2=" ">
    <subfield code="a">&#x412;&#x43E;&#x43B;&#x447;&#x435;&#x43D;&#x43A;&#x43E;&#x432;&#x430; &#x418;. &#x42E;.</subfield>
    <subfield code="4">&#x440;&#x435;&#x434;.</subfield>
    <subfield code="e">edt.</subfield>
  </datafield>
  <datafield tag="700" ind1="1" ind2=" ">
    <subfield code="a">&#x41D;&#x430;&#x443;&#x43C;&#x43E;&#x432;&#x430; &#x41C;. &#x410;.</subfield>
    <subfield code="4">&#x440;&#x435;&#x434;.</subfield>
    <subfield code="e">edt.</subfield>
  </datafield>
  <datafield tag="710" ind1="2" ind2=" ">
    <subfield code="a">&#x41C;&#x438;&#x43D;&#x438;&#x441;&#x442;&#x435;&#x440;&#x441;&#x442;&#x432;&#x43E; &#x43A;&#x443;&#x43B;&#x44C;&#x442;&#x443;&#x440;&#x44B; &#x420;&#x43E;&#x441;&#x441;&#x438;&#x439;&#x441;&#x43A;&#x43E;&#x439; &#x424;&#x435;&#x434;&#x435;&#x440;&#x430;&#x446;&#x438;&#x438;</subfield>
  </datafield>
  <datafield tag="710" ind1="2" ind2=" ">
    <subfield code="a">&#x41C;&#x438;&#x43D;&#x438;&#x441;&#x442;&#x435;&#x440;&#x441;&#x442;&#x432;&#x43E; &#x43A;&#x443;&#x43B;&#x44C;&#x442;&#x443;&#x440;&#x44B; &#x420;&#x435;&#x441;&#x43F;&#x443;&#x431;&#x43B;&#x438;&#x43A;&#x438; &#x410;&#x440;&#x43C;&#x435;&#x43D;&#x438;&#x44F;</subfield>
  </datafield>
  <datafield tag="710" ind1="2" ind2=" ">
    <subfield code="a">&#x413;&#x43E;&#x441;&#x443;&#x434;&#x430;&#x440;&#x441;&#x442;&#x432;&#x435;&#x43D;&#x43D;&#x44B;&#x439; &#x438;&#x441;&#x442;&#x43E;&#x440;&#x438;&#x447;&#x435;&#x441;&#x43A;&#x438;&#x439; &#x43C;&#x443;&#x437;&#x435;&#x439;</subfield>
  </datafield>
  <datafield tag="710" ind1="2" ind2=" ">
    <subfield code="a">&#x41C;&#x443;&#x437;&#x435;&#x439; &#x438;&#x441;&#x442;&#x43E;&#x440;&#x438;&#x438; &#x410;&#x440;&#x43C;&#x435;&#x43D;&#x438;&#x438;</subfield>
  </datafield>
  <datafield tag="942" ind1=" " ind2=" ">
    <subfield code="2">udc</subfield>
    <subfield code="c">BK</subfield>
  </datafield>
  <datafield tag="952" ind1=" " ind2=" ">
    <subfield code="0">0</subfield>
    <subfield code="1">0</subfield>
    <subfield code="2">udc</subfield>
    <subfield code="4">0</subfield>
    <subfield code="7">0</subfield>
    <subfield code="8">&#x533;&#x580;&#x561;&#x57A;&#x561;&#x570;&#x578;&#x581;</subfield>
    <subfield code="a">SEM</subfield>
    <subfield code="b">SEM</subfield>
    <subfield code="d">2017-10-11</subfield>
    <subfield code="g">18000.00</subfield>
    <subfield code="i">&#x420;&#x443;&#x441;-8521</subfield>
    <subfield code="l">0</subfield>
    <subfield code="o">947.925(084.1)/&#x410;-83</subfield>
    <subfield code="p">&#x420;&#x443;&#x441;-8521</subfield>
    <subfield code="r">2017-10-11</subfield>
    <subfield code="w">2017-10-11</subfield>
    <subfield code="y">BK</subfield>
    <subfield code="z">&#x54D;&#x57A;&#x561;&#x57D;&#x561;&#x580;&#x56F;&#x57E;&#x578;&#x582;&#x574; &#x567; &#x568;&#x576;&#x569;&#x565;&#x580;&#x581;&#x561;&#x57D;&#x580;&#x561;&#x570;</subfield>
  </datafield>
</record>
